| 000 -CABECERA |
| campo de control de longitud fija |
00859nam a22002417a 4500 |
| 003 - IDENTIFICADOR DEL NÚMERO DE CONTROL |
| campo de control |
OSt |
| 005 - FECHA Y HORA DE LA ÚLTIMA TRANSACCIÓN |
| campo de control |
20220704102116.0 |
| 008 - DATOS DE LONGITUD FIJA--INFORMACIÓN GENERAL |
| campo de control de longitud fija |
180228s2017 pe 000 0 spa |
| 020 ## - NÚMERO INTERNACIONAL ESTÁNDAR DEL LIBRO |
| Número Internacional Estándar del Libro |
9786124395079 |
| 040 ## - FUENTE DE LA CATALOGACIÓN |
| Centro/agencia transcriptor |
Biblioteca Municipal de Cusco |
| 082 ## - NÚMERO DE LA CLASIFICACIÓN DECIMAL DEWEY |
| Número de clasificación |
869.56/G874Y |
| Notación interna |
G874Y |
| 100 ## - ENTRADA PRINCIPAL--NOMBRE DE PERSONA |
| Nombre de persona |
Guerrero Peirano, Victoria |
| Fechas asociadas al nombre |
1971- |
| 9 (RLIN) |
48184 |
| 245 ## - MENCIÓN DE TÍTULO |
| Título |
Y la muerte no tendrá dominio / |
| Mención de responsabilidad, etc. |
Victoria Guerrero Peirano |
| 250 ## - MENCIÓN DE EDICIÓN |
| Mención de edición |
Primer edición |
| 260 ## - PUBLICACIÓN, DISTRIBUCIÓN, ETC. |
| Lugar de publicación, distribución, etc. |
Lima : |
| Nombre del editor, distribuidor, etc. |
Fondo de Cultura Económica del Perú, |
| Fecha de publicación, distribución, etc. |
2019. |
| 300 ## - DESCRIPCIÓN FÍSICA |
| Extensión |
76, [3] páginas. : |
| Otras características físicas |
il. (algunas col.), facsíms., retr. ; |
| Dimensiones |
17 cm. |
| 490 ## - MENCIÓN DE SERIE |
| Mención de serie |
Tezontle |
| 504 ## - NOTA DE BIBLIOGRAFÍA, ETC. |
| Nota de bibliografía, etc. |
Incluye referencias bibliográficas. |
| 650 ## - PUNTO DE ACCESO ADICIONAL DE MATERIA--TÉRMINO DE MATERIA |
| Término de materia o nombre geográfico como elemento de entrada |
Prosas poéticas peruanas |
| Subdivisión cronológica |
Siglo XX |
| 9 (RLIN) |
48185 |
| 650 ## - PUNTO DE ACCESO ADICIONAL DE MATERIA--TÉRMINO DE MATERIA |
| Término de materia o nombre geográfico como elemento de entrada |
Poesías peruanas |
| Subdivisión cronológica |
Siglo XX |
| 9 (RLIN) |
48129 |
| 710 ## - PUNTO DE ACCESO ADICIONAL--NOMBRE DE ENTIDAD CORPORATIVA |
| Nombre de entidad corporativa o nombre de jurisdicción como elemento de entrada |
Fondo de Cultura Económica (Perú) |
| 9 (RLIN) |
45173 |
| 942 ## - ELEMENTOS DE PUNTO DE ACCESO ADICIONAL (KOHA) |
| Fuente del sistema de clasificación o colocación |
|
| Tipo de ítem Koha |
Libros-BMC |